000
00309nam a2200133Ia 4500
999
_c
6818
_d
6818
008
191201s2018 xx 000 0 und d
020
_a
9780198093695
100
_a
SRIDHAR, S
245
0
_a
Design and Analysis of Algorithms
260
_b
Oxford
_c
2018
300
_a
770
650
_a
MCA
942
_2
ddc
_c
BK
_0
5